000 01019nam a2200289Ia 4500
003 OSt
005 20221007125549.0
006 a|||||r|||| 00| 0
007 ta
008 221006b |||||||| |||| 00| 0 eng d
020 _a8173196206 (hbd)
_cRs.495.00
024 _a15031
037 _b1171/2005-06, 07/07/2005, Educational Book Agency (India)
_cTextual
040 _aCDL
_cCDL
_beng
041 _2eng
_aeng
082 _aE0aG:55, P5;1-;2 Carc
100 _aSrivastava M M
_9722127
245 0 _aChemistry for green environment
_b Sanghi Rashmi
260 _aNew
_bDelhi Narosa Publishing House
_c2005
300 _axx, 364p.
_ccm.
500 _aIncludes bibliographical references; Index 361-362p.
650 _a Green Environment
_9722128
650 _aChemistry
700 _a Sanghi Rashmi
_9722129
942 _hE0aG:55, P5;1-;2 Carc
_cTEXL
_2CC
999 _c1215505
_d1215505